V boji s koronou lekárom pomáhala darovaná technológia v Košiciach hospitalizovali 200 pacientov, 17 mali COVID 19, nik nezomrel

Podrobná bibliografia
Hlavný autor: (fer) (Autor)
Médium: Článok
Jazyk:slovenčina
Fyzický popis:Fotografie
ISSN:1339-7605
Predmet:
On-line prístup:https://kosicednes.sk/udalosti/v-boji-s-koronavirusom-pomahala-kosickym-lekarom-darovana-technologia/

MARC

LEADER 00000nab a2200000u 4500
001 vtls011974564
003 SK-MaSNL
005 20260303210805.0
008 200617|20200616xo ||||||| ||00 ||slo|
038 |a KEVKJB 
040 |a KEVKJB  |b slo  |e rda 
041 0 |a slo 
043 |a e-xo--- 
044 |a xo  |c SK 
072 7 |a 578  |x Virológia  |2 konspekt 
080 |a 578.834  |2 2011 
100 1 |a (fer)  |4 aut  |9 877904 
245 1 0 |a V boji s koronou lekárom pomáhala darovaná technológia  |b v Košiciach hospitalizovali 200 pacientov, 17 mali COVID 19, nik nezomrel  |c [autor] (FER) 
300 |b Fotografie 
336 |a text  |b txt  |2 rdacontent 
337 |a bez média  |b n  |2 rdamedia 
338 |a zväzok  |b nc  |2 rdacarrier 
610 2 7 |a Univerzitná nemocnica L. Pasteura Košice  |2 SNKKAnba  |9 155401 
650 0 7 |a koronavírusy  |2 SNKPH  |9 84342 
650 0 7 |a COVID-19  |2 kevkjb  |9 201532 
651 7 |a Košice (Slovensko)  |2 SNKPHgeo  |9 18694 
773 0 |t KOŠICE:DNES  |g Roč. 7, č. 114 (16.6.2020), s. 2  |x 1339-7605 
852 |a KEVKJB  |b KIS3GCP 
856 4 1 |u https://kosicednes.sk/udalosti/v-boji-s-koronavirusom-pomahala-kosickym-lekarom-darovana-technologia/ 
958 |a MI 
999 |c 2201738  |d 2203668